| 000 | 00427cam a2200181ua 4500 | ||
|---|---|---|---|
| 020 | _c2.50 | ||
| 041 |
_ahin _h |
||
| 082 |
_a891.54 _bMUL/DO |
||
| 100 | _aMulkraj, Anand . | ||
| 245 |
_aDo patni ek kali / _cMulkraj Anand. _hTextual Documents |
||
| 250 |
_a1 / _b. |
||
| 260 |
_aDelhi : _bRajkamal Prakashan , _c1937. |
||
| 300 | _a254 ; . | ||
| 365 | _a2.50 | ||
| 504 | _a | ||
| 942 | _cBK | ||
| 999 |
_c11930 _d11930 |
||